000
00250 a2200097 4500
001
12253
100
_a
Mazhar-ul-Islam
245
_a
Ghoron Key Shehar Main Akaila Aadmi (664 B action)
260
_a
_b
Sang-e-Meel Publications
_c
090
_c
9487
_d
9487
942
_a
NUST-CAE
_c
M
_c
36363
999
_c
247326
_d
247326